<?xml version="1.0" encoding="UTF-8"?>
<record
    xmlns:xsi="http://www.w3.org/2001/XMLSchema-instance"
    xsi:schemaLocation="http://www.loc.gov/MARC21/slim http://www.loc.gov/standards/marcxml/schema/MARC21slim.xsd"
    xmlns="http://www.loc.gov/MARC21/slim">

  <leader>02952cam a2200361 a 4500</leader>
  <controlfield tag="001">17688227</controlfield>
  <controlfield tag="003">OSt</controlfield>
  <controlfield tag="005">20230227130445.0</controlfield>
  <controlfield tag="008">130403s2014    mau      b    001 0 eng  </controlfield>
  <datafield tag="010" ind1=" " ind2=" ">
    <subfield code="a">  2013013530</subfield>
  </datafield>
  <datafield tag="020" ind1=" " ind2=" ">
    <subfield code="a">9781284032888 (pbk.)</subfield>
  </datafield>
  <datafield tag="035" ind1=" " ind2=" ">
    <subfield code="a">(DNLM)101605404</subfield>
  </datafield>
  <datafield tag="040" ind1=" " ind2=" ">
    <subfield code="c">LC</subfield>
  </datafield>
  <datafield tag="042" ind1=" " ind2=" ">
    <subfield code="a">pcc</subfield>
  </datafield>
  <datafield tag="050" ind1="0" ind2="0">
    <subfield code="a">RT82.8.I55</subfield>
  </datafield>
  <datafield tag="060" ind1="1" ind2="0">
    <subfield code="a">WY 128</subfield>
  </datafield>
  <datafield tag="082" ind1="0" ind2="0">
    <subfield code="a">610.7306/92</subfield>
    <subfield code="2">23</subfield>
  </datafield>
  <datafield tag="245" ind1="0" ind2="0">
    <subfield code="a">Initiating and sustaining the clinical nurse leader role: a practical guide. /</subfield>
    <subfield code="c">[edited by] James L. Harris, Linda Roussel, and Patricia L. Thomas.</subfield>
  </datafield>
  <datafield tag="250" ind1=" " ind2=" ">
    <subfield code="a">2nd ed.</subfield>
  </datafield>
  <datafield tag="260" ind1=" " ind2=" ">
    <subfield code="a">Burlington, Mass.:</subfield>
    <subfield code="b">Jones &amp; Bartlett Learning,</subfield>
    <subfield code="c">2014.</subfield>
  </datafield>
  <datafield tag="300" ind1=" " ind2=" ">
    <subfield code="a">xxvii, 531 p. :</subfield>
    <subfield code="b">ill. ;</subfield>
    <subfield code="c">23 cm.</subfield>
  </datafield>
  <datafield tag="504" ind1=" " ind2=" ">
    <subfield code="a">Includes bibliographical references and index.</subfield>
  </datafield>
  <datafield tag="505" ind1="0" ind2=" ">
    <subfield code="a">Contents: Introduction: Introducing the clinical nurse leader: past, present and future -- The clinical nurse leader: a catalyst for advancing nursing -- Academic, clinical and community partnerships: Building and sustaining academic, clinical and community partnerships -- Creating a business case for the clinical nurse leader role -- Spreading the CNL initiative -- Effective communication and team collaboration -- The nurse manager and the clinical nurse leader: delineating roles, competencies and responsibilities --Preparing preceptors for CNL immersions -- The clinical nurse leader advisory council: an opportunity for partnership and synergy -- Achieving a high-reliability organization: Creating a value-driven approach to care in a high-reliability organization -- Quality care and risk management -- Analyzing and managing data: the clinical nurse leader's role -- The role of informatics and decision support in advancing clinical nurse leader practice -- Using evidence to guide CNL practice outcomes -- Engaging in evidence-based practice to guide clinical nurse leader practice outcomes -- From change to transformation : evidence-base practice in action -- Improvement science and team science: links to innovation, effectiveness and safety -- Health promotion and disease prevention: essentials for CNL: Community resource awareness and networking through advocacy -- Promoting health and preventing illness -- The clinical nurse leader: transforming nursing care in acute care, ambulatory and long-term care settings -- Foundations for CNL success: Creative and meaningful clinical immersions -- Toward achieving desired outcomes: the clinical nurse leader's transition to practice -- Clinical nurse leadership: creating the vision -- </subfield>
  </datafield>
  <datafield tag="650" ind1="1" ind2="2">
    <subfield code="a">Leadership.</subfield>
    <subfield code="9">38</subfield>
  </datafield>
  <datafield tag="650" ind1="1" ind2="2">
    <subfield code="a">Nurse Clinicians.</subfield>
    <subfield code="9">890</subfield>
  </datafield>
  <datafield tag="650" ind1="2" ind2="2">
    <subfield code="a">Interprofessional Relations.</subfield>
    <subfield code="9">891</subfield>
  </datafield>
  <datafield tag="700" ind1="1" ind2=" ">
    <subfield code="a">Harris, James L.</subfield>
    <subfield code="9">892</subfield>
  </datafield>
  <datafield tag="700" ind1="1" ind2=" ">
    <subfield code="a">Roussel, Linda.</subfield>
    <subfield code="9">893</subfield>
  </datafield>
  <datafield tag="700" ind1="1" ind2=" ">
    <subfield code="a">Thomas, Patricia, L.</subfield>
    <subfield code="9">894</subfield>
  </datafield>
  <datafield tag="906" ind1=" " ind2=" ">
    <subfield code="a">7</subfield>
    <subfield code="b">cbc</subfield>
    <subfield code="c">orignew</subfield>
    <subfield code="d">1</subfield>
    <subfield code="e">ecip</subfield>
    <subfield code="f">20</subfield>
    <subfield code="g">y-gencatlg</subfield>
  </datafield>
  <datafield tag="942" ind1=" " ind2=" ">
    <subfield code="2">lcc</subfield>
    <subfield code="c">BK</subfield>
  </datafield>
  <datafield tag="999" ind1=" " ind2=" ">
    <subfield code="c">9376</subfield>
    <subfield code="d">16876</subfield>
  </datafield>
  <datafield tag="952" ind1=" " ind2=" ">
    <subfield code="0">0</subfield>
    <subfield code="1">0</subfield>
    <subfield code="2">lcc</subfield>
    <subfield code="4">0</subfield>
    <subfield code="7">0</subfield>
    <subfield code="a">WIUC-KL</subfield>
    <subfield code="b">WIUC-KL</subfield>
    <subfield code="c">NURS L.</subfield>
    <subfield code="d">2023-02-09</subfield>
    <subfield code="l">0</subfield>
    <subfield code="o">RT82.8.I55(2e)</subfield>
    <subfield code="p">KSN/1092/039/23</subfield>
    <subfield code="r">2023-02-27 00:00:00</subfield>
    <subfield code="w">2023-02-27</subfield>
    <subfield code="y">BK</subfield>
  </datafield>
</record>
